[Event "Wch Blitz (Women)"]
[Site "Samarkand"]
[Date "2023.12.29"]
[Round "9"]
[White "Gaboyan, Susanna"]
[Black "Arabidze, Meri"]
[Result "1-0"]
[WhiteElo "2179"]
[BlackElo "2462"]
[PlyCount "107"]
[EventDate "2023.12.29"]
[EventType "swiss (blitz)"]
[EventRounds "17"]
[EventCountry "UZB"]
[SourceTitle "CB01_2024"]
[SourceDate "2024.01.03"]
[SourceVersion "1"]
[SourceVersionDate "2024.01.03"]
[SourceQuality "1"]

1. Nf3 d5 2. g3 Nf6 3. Bg2 e6 4. 0-0 Be7 5. d3 0-0 6. Nbd2 c5 7. e4 Nc6 8. Qe2 b5 9. Re1 a5 10. e5 Nd7 11. h4 b4 12. h5 Ba6 13. h6 g6 14. Nf1 c4 15. d4 c3 16. Qe3 cxb2 17. Bxb2 Nb6 18. Qf4 Na4 19. Bc1 Nc3 20. Qg4 Ne2+ 21. Kh2 Nxc1 22. Raxc1 Bc4 23. Ra1 Na7 24. Ne3 Rc8 25. Bf1 Bxf1 26. Rxf1 Nb5 27. Kg2 Na3 28. Rac1 Rc3 29. Nd2 Qc7 30. Nb1 Nxb1 31. Rxb1 Ra3 32. Ra1 Qc3 33. Qf4 f5 34. exf6 Bxf6 35. Qd6 Qxd4 36. Qxe6+ Kh8 37. Qd6 Qe4+ 38. Kg1 Kg8 39. Rad1 Rxe3 40. fxe3 Qxe3+ 41. Kg2 Qe4+ 42. Kh2 Qxc2+ 43. Kg1 Qc3 44. Qxd5+ Kh8 45. Qd6 Qe3+ 46. Kg2 Qe4+ 47. Kg1 Qe3+ 48. Kg2 Qe4+ 49. Kh2 Qc2+ 50. Rd2 Qc8 51. Rxf6 Re8 52. Rf8+ Rxf8 53. Qe5+ Kg8 54. Qg7# 1-0

[Event "Wch Rapid (Women)"]
[Site "Samarkand"]
[Date "2023.12.27"]
[Round "6"]
[White "Gaboyan, Susanna"]
[Black "Buksa, Nataliya"]
[Result "1-0"]
[WhiteElo "2179"]
[BlackElo "2388"]
[PlyCount "63"]
[EventDate "2023.12.26"]
[EventType "swiss (rapid)"]
[EventRounds "11"]
[EventCountry "UZB"]
[SourceTitle "CB01_2024"]
[SourceDate "2024.01.03"]
[SourceVersion "1"]
[SourceVersionDate "2024.01.03"]
[SourceQuality "1"]

1. Nf3 d5 2. g3 Nf6 3. Bg2 e6 4. 0-0 Be7 5. d3 0-0 6. Nbd2 Nc6 7. e4 dxe4 8. dxe4 e5 9. c3 Be6 10. Qe2 h6 11. Nc4 Nd7 12. Rd1 Qc8 13. Ne3 Re8 14. Nd5 Bf8 15. a4 a5 16. Be3 Ne7 17. b4 Nxd5 18. exd5 Bg4 19. h3 Bxf3 20. Qxf3 axb4 21. cxb4 Bxb4 22. Bxh6 Bf8 23. Be3 Ra6 24. h4 Nc5 25. Rac1 Nxa4 26. Bf1 e4 27. Qh5 Nb2 28. Bxa6 Nxd1 29. Bb5 c6 30. Qxd1 Rd8 31. Qb3 Rxd5 32. Qxd5 1-0

[Event "Wch Rapid (Women)"]
[Site "Samarkand"]
[Date "2023.12.27"]
[Round "5"]
[White "Injac, Teodora"]
[Black "Gaboyan, Susanna"]
[Result "1-0"]
[WhiteElo "2447"]
[BlackElo "2179"]
[PlyCount "71"]
[EventDate "2023.12.26"]
[EventType "swiss (rapid)"]
[EventRounds "11"]
[EventCountry "UZB"]
[SourceTitle "CB01_2024"]
[SourceDate "2024.01.03"]
[SourceVersion "1"]
[SourceVersionDate "2024.01.03"]
[SourceQuality "1"]

1. Nf3 Nf6 2. c4 g6 3. Nc3 d5 4. cxd5 Nxd5 5. h4 h5 6. e4 Nxc3 7. bxc3 Bg7 8. Qa4+ c6 9. Be2 0-0 10. Ba3 Bg4 11. Rb1 b6 12. d4 c5 13. 0-0 cxd4 14. cxd4 Qd7 15. Bb5 Qb7 16. d5 Bxf3 17. gxf3 Bf6 18. Rfd1 a6 19. Bf1 Nd7 20. f4 Bxh4 21. e5 Rac8 22. Qe4 Rc3 23. Bb4 Rc7 24. Qh1 g5 25. Bxe7 Rc2 26. Bd3 Rxf2 27. Bxg5 Nxe5 28. fxe5 Qd7 29. Qxh4 Rxa2 30. Qxh5 f5 31. Qg6+ Kh8 32. Bf6+ Rxf6 33. Qxf6+ Kg8 34. Bxf5 Qa4 35. Be6+ Kh7 36. Rd3 1-0

[Event "Wch Rapid (Women)"]
[Site "Samarkand"]
[Date "2023.12.26"]
[Round "1"]
[White "Arabidze, Meri"]
[Black "Gaboyan, Susanna"]
[Result "0-1"]
[WhiteElo "2462"]
[BlackElo "2179"]
[PlyCount "148"]
[EventDate "2023.12.26"]
[EventType "swiss (rapid)"]
[EventRounds "11"]
[EventCountry "UZB"]
[SourceTitle "CB01_2024"]
[SourceDate "2024.01.03"]
[SourceVersion "1"]
[SourceVersionDate "2024.01.03"]
[SourceQuality "1"]

1. Nf3 Nf6 2. c4 g6 3. g3 Bg7 4. Bg2 0-0 5. 0-0 d6 6. Nc3 e5 7. Rb1 a5 8. a3 Be6 9. d3 h6 10. Nd2 c6 11. b4 axb4 12. axb4 d5 13. b5 Nbd7 14. Bb2 Re8 15. Qc2 Rc8 16. bxc6 bxc6 17. Ra1 Bf5 18. e4 dxe4 19. Ncxe4 Nxe4 20. Nxe4 Bxe4 21. dxe4 Nc5 22. Rad1 Qc7 23. f4 Ne6 24. f5 Nd4 25. Qf2 c5 26. h4 h5 27. Bc1 Rb8 28. f6 Bf8 29. Rd3 Rb1 30. Kh2 Reb8 31. g4 hxg4 32. h5 R8b3 33. Rxb3 Rxb3 34. Qh4 Nf3+ 35. Bxf3 Rxf3 36. Rxf3 gxf3 37. hxg6 fxg6 38. Qg4 Qf7 39. Bg5 Qxc4 40. Qxf3 Qe6 41. Kg3 c4 42. Qe3 Qd7 43. Qb6 Qd3+ 44. Be3 Kf7 45. Kf2 Qxe4 46. Qc7+ Kxf6 47. Qd8+ Kf7 48. Qc7+ Be7 49. Bc5 Qf5+ 50. Ke3 Qf4+ 51. Ke2 Qf6 52. Bb4 Qe6 53. Bxe7 Qxe7 54. Qxc4+ Kf6 55. Qh4+ Ke6 56. Qc4+ Kf5 57. Qc8+ Qe6 58. Qf8+ Kg5 59. Qd8+ Kg4 60. Qd1 Qf5 61. Ke3+ Kg5 62. Qd8+ Qf6 63. Qd5 Qf4+ 64. Ke2 Qg4+ 65. Kf1 Qf5+ 66. Kg2 e4 67. Qd8+ Kg4 68. Qd4 Qf3+ 69. Kh2 Qd3 70. Qf6 Qe2+ 71. Kg1 Qe3+ 72. Kh2 Qh3+ 73. Kg1 Qg3+ 74. Kh1 Qf3+ 0-1

[Event "Titled Tuesday intern op 03rd Jan Early"]
[Site "Chess.com INT"]
[Date "2023.01.03"]
[Round "3"]
[White "Aung, Thant Zin"]
[Black "Gaboyan, Susanna"]
[Result "1-0"]
[WhiteElo "2268"]
[BlackElo "2158"]
[PlyCount "85"]
[EventDate "2023.01.03"]
[EventType "swiss (blitz)"]
[EventRounds "11"]
[EventCountry "USA"]
[SourceTitle "EXT 2024"]
[Source "ChessBase"]
[SourceDate "2023.10.10"]
[SourceVersion "1"]
[SourceVersionDate "2023.10.10"]
[SourceQuality "1"]

1. e4 c5 2. Nf3 Nc6 3. Bb5 g6 4. 0-0 Bg7 5. c3 Nf6 6. Re1 0-0 7. d4 d5 8. e5 Ne4 9. h3 Qb6 10. Bxc6 bxc6 11. Nbd2 Bf5 12. Nb3 cxd4 13. cxd4 a5 14. Ng5 a4 15. Nxe4 axb3 16. Ng3 Rxa2 17. Bg5 Bc2 18. Qc1 Rxa1 19. Qxa1 Qxd4 20. Bxe7 Re8 21. Bd6 Bxe5 22. Qa6 Kg7 23. Bxe5+ Rxe5 24. Rxe5 Qxe5 25. Qxc6 Qxb2 26. Qxd5 Qc3 27. Qg5 Qf6 28. Nh5+ Kf8 29. Qxf6 gxh5 30. g4 hxg4 31. hxg4 Kg8 32. Kg2 Kf8 33. Kg3 Kg8 34. Kf4 Kf8 35. Kg5 Ke8 36. Kf4 Kd7 37. Ke5 b2 38. Qxf7+ Kc6 39. Qe6+ Kc5 40. Qc8+ Kb4 41. Qxc2 Ka3 42. Qxb2+ Kxb2 43. f4 1-0

[Event "Titled Tuesday intern op 03rd Jan Early"]
[Site "Chess.com INT"]
[Date "2023.01.03"]
[Round "4"]
[White "Gaboyan, Susanna"]
[Black "Thomas, Anysia"]
[Result "0-1"]
[WhiteElo "2158"]
[BlackElo "2174"]
[PlyCount "34"]
[EventDate "2023.01.03"]
[EventType "swiss (blitz)"]
[EventRounds "11"]
[EventCountry "USA"]
[SourceTitle "EXT 2024"]
[Source "ChessBase"]
[SourceDate "2023.10.10"]
[SourceVersion "1"]
[SourceVersionDate "2023.10.10"]
[SourceQuality "1"]

1. d3 g6 2. g3 Bg7 3. h4 c5 4. h5 Nc6 5. h6 Bf6 6. e4 d5 7. Nd2 b6 8. Bg2 e6 9. Qe2 Nge7 10. c3 Bb7 11. f4 0-0 12. e5 Bh8 13. Ngf3 Nf5 14. Qf2 d4 15. c4 Ne3 16. Ne4 Nb4 17. Bd2 Nxd3+ 0-1

[Event "Wch Blitz (Women)"]
[Site "Almaty"]
[Date "2022.12.30"]
[Round "16"]
[White "Charochkina, Daria"]
[Black "Gaboyan, Susanna"]
[Result "0-1"]
[WhiteElo "2284"]
[BlackElo "2152"]
[PlyCount "74"]
[EventDate "2022.12.29"]
[EventType "swiss (blitz)"]
[EventRounds "17"]
[EventCountry "KAZ"]
[SourceTitle "CBM 211 Extra"]
[Source "ChessBase"]
[SourceDate "2023.01.31"]
[SourceVersion "1"]
[SourceVersionDate "2023.01.31"]
[SourceQuality "1"]

1. d4 Nf6 2. Bg5 d5 3. Bxf6 exf6 4. e3 Bd6 5. c4 dxc4 6. Bxc4 0-0 7. Nc3 c6 8. Qc2 g6 9. h4 h5 10. 0-0-0 Kg7 11. f3 b5 12. Bd3 f5 13. Nge2 Be6 14. e4 fxe4 15. fxe4 b4 16. Na4 b3 17. axb3 a5 18. Kb1 Na6 19. e5 Nb4 20. Qc3 Be7 21. Nf4 Bg4 22. Rd2 Bxh4 23. Be4 Bg5 24. g3 Nd5 25. Bxd5 cxd5 26. Nc5 Rc8 27. Qe3 Re8 28. Rc1 Qb6 29. Qf2 Rxc5 30. Rxc5 Qxb3 31. Rc3 Bf5+ 32. Ka1 Qb4 33. Qe3 Rb8 34. e6 fxe6 35. Nxe6+ Bxe6 36. Qxe6 Bxd2 37. Qe5+ Kh6 0-1

[Event "Wch Blitz (Women)"]
[Site "Almaty"]
[Date "2022.12.30"]
[Round "15"]
[White "Pourkashiyan, Atousa"]
[Black "Gaboyan, Susanna"]
[Result "0-1"]
[WhiteElo "2248"]
[BlackElo "2152"]
[PlyCount "84"]
[EventDate "2022.12.29"]
[EventType "swiss (blitz)"]
[EventRounds "17"]
[EventCountry "KAZ"]
[SourceTitle "CBM 211 Extra"]
[Source "ChessBase"]
[SourceDate "2023.01.31"]
[SourceVersion "1"]
[SourceVersionDate "2023.01.31"]
[SourceQuality "1"]

1. e4 c5 2. Nf3 Nc6 3. d4 cxd4 4. Nxd4 Nf6 5. Nc3 e5 6. Ndb5 d6 7. Bg5 a6 8. Na3 b5 9. Nd5 Be7 10. Bxf6 Bxf6 11. c4 b4 12. Nc2 a5 13. Be2 0-0 14. 0-0 Bg5 15. Qd3 Nb8 16. Nde3 Na6 17. Bf3 Nc5 18. Qe2 Bb7 19. Nf5 g6 20. Ng3 Qb6 21. b3 a4 22. bxa4 Rxa4 23. Ne3 Rfa8 24. Qb2 Bxe3 25. fxe3 Qa6 26. h4 Qxc4 27. h5 Rxa2 28. Rxa2 Rxa2 29. Qb1 b3 30. hxg6 hxg6 31. Rc1 Qxc1+ 32. Qxc1 b2 33. Qc4 b1Q+ 34. Kh2 Qb3 35. Qf1 Qxe3 36. Qc4 Qxf3 37. Qxa2 Qf4 38. Qb2 Bxe4 39. Qb8+ Kg7 40. Qxd6 Ne6 41. Qd1 Qh4+ 42. Kg1 Qxg3 0-1

[Event "Wch Blitz (Women)"]
[Site "Almaty"]
[Date "2022.12.29"]
[Round "2"]
[White "Fataliyeva, Ulviyya Hasil Qizi"]
[Black "Gaboyan, Susanna"]
[Result "1-0"]
[WhiteElo "2322"]
[BlackElo "2152"]
[PlyCount "58"]
[EventDate "2022.12.29"]
[EventType "swiss (blitz)"]
[EventRounds "17"]
[EventCountry "KAZ"]
[SourceTitle "CBM 211 Extra"]
[Source "ChessBase"]
[SourceDate "2023.01.31"]
[SourceVersion "1"]
[SourceVersionDate "2023.01.31"]
[SourceQuality "1"]

1. d4 Nf6 2. Nc3 d5 3. Bf4 Bf5 4. Nf3 e6 5. e3 Bd6 6. Ne5 a6 7. g4 Bg6 8. h4 h5 9. Nxg6 fxg6 10. g5 Bxf4 11. exf4 Ng8 12. Qe2 Qd6 13. Bh3 Kf7 14. 0-0-0 Ne7 15. Rhe1 Nf5 16. Bxf5 gxf5 17. g6+ Ke7 18. Qf3 Kd7 19. Re5 Nc6 20. Nxd5 Kc8 21. Nc3 Nxe5 22. dxe5 Qc6 23. Qd3 b6 24. Ne2 Kb7 25. Nd4 Qd7 26. Qf3+ c6 27. Nxc6 Qc7 28. Nd4+ Ka7 29. Nxe6 Qb7 1-0

[Event "Wch Blitz (Women)"]
[Site "Almaty"]
[Date "2022.12.29"]
[Round "3"]
[White "Gaboyan, Susanna"]
[Black "Khotenashvili, Bela"]
[Result "1-0"]
[WhiteElo "2152"]
[BlackElo "2385"]
[PlyCount "91"]
[EventDate "2022.12.29"]
[EventType "swiss (blitz)"]
[EventRounds "17"]
[EventCountry "KAZ"]
[SourceTitle "CBM 211 Extra"]
[Source "ChessBase"]
[SourceDate "2023.01.31"]
[SourceVersion "1"]
[SourceVersionDate "2023.01.31"]
[SourceQuality "1"]

1. Nf3 g6 2. g3 Bg7 3. d4 c5 4. Bg2 cxd4 5. Nxd4 Nc6 6. Nxc6 bxc6 7. 0-0 Rb8 8. Nc3 c5 9. e4 d6 10. Re1 h5 11. h4 Nh6 12. Nd5 e6 13. Bg5 f6 14. Bxh6 Bxh6 15. Ne3 Bxe3 16. Rxe3 Rxb2 17. Rd3 Ke7 18. Qc1 Rb6 19. Qe3 Ba6 20. Rd2 Qb8 21. Rad1 Bc4 22. a4 e5 23. f4 exf4 24. gxf4 Be6 25. a5 Rb1 26. Rxd6 Qxd6 27. Rxb1 Rd8 28. f5 Bf7 29. c3 Rd7 30. fxg6 Bxg6 31. Qh6 Bf7 32. Rf1 Qe5 33. Qe3 Be6 34. Qf3 Rd2 35. Kh1 Bg4 36. Qe3 Re2 37. Qd3 Rb2 38. Qa6 Kf7 39. Qxa7+ Kg6 40. Qa8 Qe6 41. e5 Bh3 42. Qe4+ Kg7 43. exf6+ Kf7 44. Qh7+ Ke8 45. f7+ Kd7 46. f8Q+ 1-0

[Event "Wch Blitz (Women)"]
[Site "Almaty"]
[Date "2022.12.29"]
[Round "9"]
[White "Maltsevskaya, Aleksandra"]
[Black "Gaboyan, Susanna"]
[Result "1-0"]
[WhiteElo "2296"]
[BlackElo "2152"]
[PlyCount "77"]
[EventDate "2022.12.29"]
[EventType "swiss (blitz)"]
[EventRounds "17"]
[EventCountry "KAZ"]
[SourceTitle "CBM 211 Extra"]
[Source "ChessBase"]
[SourceDate "2023.01.31"]
[SourceVersion "1"]
[SourceVersionDate "2023.01.31"]
[SourceQuality "1"]

1. e4 c5 2. Nf3 Nc6 3. d4 cxd4 4. Nxd4 Nf6 5. Nc3 e5 6. Ndb5 d6 7. a4 a6 8. Na3 Be6 9. Bc4 Be7 10. 0-0 0-0 11. Be3 Nxe4 12. Nxe4 d5 13. Nc5 Bxc5 14. Bxc5 dxc4 15. Bxf8 Qxf8 16. Qe2 Qb4 17. c3 Qxa4 18. Kh1 Qb3 19. f4 exf4 20. Rxf4 b5 21. Rb1 b4 22. cxb4 Nxb4 23. Nxc4 Nd3 24. Re4 Nc5 25. Rd4 h6 26. h3 Rc8 27. Nd6 Rd8 28. Nf5 Rc8 29. Qg4 Bxf5 30. Qxf5 Ne6 31. Rd2 Rc5 32. Rd8+ Nxd8 33. Qxc5 Ne6 34. Qf2 a5 35. Rc1 a4 36. Rc8+ Kh7 37. Qf5+ g6 38. Qxf7+ Ng7 39. Qxb3 1-0

[Event "Wch Rapid (Women)"]
[Site "Almaty"]
[Date "2022.12.28"]
[Round "9"]
[White "Osmak, Iulija"]
[Black "Gaboyan, Susanna"]
[Result "1/2-1/2"]
[WhiteElo "2328"]
[BlackElo "2157"]
[PlyCount "139"]
[EventDate "2022.12.26"]
[EventType "swiss (rapid)"]
[EventRounds "11"]
[EventCountry "KAZ"]
[SourceTitle "CBM 211 Extra"]
[Source "ChessBase"]
[SourceDate "2023.01.31"]
[SourceVersion "1"]
[SourceVersionDate "2023.01.31"]
[SourceQuality "1"]

1. e4 d5 2. exd5 Nf6 3. Bb5+ Bd7 4. Bc4 Bg4 5. f3 Bf5 6. Nc3 Nbd7 7. g4 Bg6 8. g5 Nh5 9. d3 c6 10. dxc6 bxc6 11. Be3 e6 12. Qd2 Bb4 13. Nge2 Ne5 14. Rf1 0-0 15. 0-0-0 Qa5 16. Bb3 Qc7 17. f4 Nd7 18. Kb1 a5 19. a3 a4 20. Ba2 Ba5 21. Qc1 Rfb8 22. Nxa4 Bb4 23. Bb3 Bxa3 24. bxa3 Rxa4 25. Ka2 Ra6 26. Bd4 Rba8 27. Bb2 Nc5 28. Ng3 Qb7 29. Qd2 Qa7 30. Qb4 Nxb3 31. Qxb3 Qc5 32. Nxh5 Bxh5 33. Rde1 Rb6 34. Qc3 Qxc3 35. Bxc3 Rba6 36. Bb2 c5 37. Re4 Bg4 38. Rfe1 Bf3 39. Re5 c4 40. dxc4 Rc6 41. R1e3 Bg2 42. Rc3 Rac8 43. c5 Bd5+ 44. Kb1 Rxc5 45. Rxc5 Rxc5 46. Kc1 Rc4 47. f5 Rh4 48. fxe6 fxe6 49. Re2 Rg4 50. Bc3 Rxg5 51. a4 Rg2 52. Re5 Rxh2 53. a5 Rh4 54. Rg5 g6 55. Rg1 Rh1 56. Rxh1 Bxh1 57. a6 g5 58. Kd2 Kf7 59. Ke3 Ke7 60. a7 Kd6 61. Bf6 g4 62. Bh4 e5 63. Bg3 Bc6 64. c4 Kc5 65. Bxe5 Kxc4 66. Kf4 Kd5 67. Bb8 h5 68. Kg5 Ke4 69. Kxh5 Kf3 70. Kh4 1/2-1/2

[Event "Wch Rapid (Women)"]
[Site "Almaty"]
[Date "2022.12.27"]
[Round "7"]
[White "Tokhirjonova, Gulruhbegim"]
[Black "Gaboyan, Susanna"]
[Result "1-0"]
[WhiteElo "2326"]
[BlackElo "2157"]
[PlyCount "89"]
[EventDate "2022.12.26"]
[EventType "swiss (rapid)"]
[EventRounds "11"]
[EventCountry "KAZ"]
[SourceTitle "CBM 211 Extra"]
[Source "ChessBase"]
[SourceDate "2023.01.31"]
[SourceVersion "1"]
[SourceVersionDate "2023.01.31"]
[SourceQuality "1"]

1. e4 c5 2. Nf3 Nc6 3. Bb5 g6 4. 0-0 Bg7 5. c3 Nf6 6. Qe2 0-0 7. Rd1 Qc7 8. d4 d5 9. exd5 Nxd5 10. dxc5 Nf4 11. Bxf4 Qxf4 12. Nbd2 e5 13. Qe4 Qf6 14. Bxc6 bxc6 15. Nc4 Qe6 16. Rd6 Qe7 17. Qxc6 Be6 18. Ncxe5 Rfc8 19. Qe4 Bf5 20. Qd4 a5 21. Re1 Qb7 22. b3 Bf8 23. c6 Qc7 24. Rd5 Be6 25. Rb5 a4 26. Ng5 Bf5 27. Ngxf7 axb3 28. axb3 Bg7 29. Qc4 Kf8 30. g4 Bxg4 31. Qxg4 Re8 32. Ng5 Bxe5 33. Rbxe5 Rxe5 34. Qf4+ Kg8 35. Qxe5 Qxc6 36. Qe6+ Qxe6 37. Rxe6 Ra1+ 38. Kg2 Rb1 39. b4 Rc1 40. Re3 Kg7 41. b5 Kh6 42. Nf7+ Kg7 43. Nd6 Kh6 44. b6 Rb1 45. b7 1-0

[Event "Wch Rapid (Women)"]
[Site "Almaty"]
[Date "2022.12.26"]
[Round "2"]
[White "Gaboyan, Susanna"]
[Black "Balakanova, Gulnar"]
[Result "1/2-1/2"]
[WhiteElo "2157"]
[BlackElo "1754"]
[PlyCount "128"]
[EventDate "2022.12.26"]
[EventType "swiss (rapid)"]
[EventRounds "11"]
[EventCountry "KAZ"]
[SourceTitle "CBM 211 Extra"]
[Source "ChessBase"]
[SourceDate "2023.01.31"]
[SourceVersion "1"]
[SourceVersionDate "2023.01.31"]
[SourceQuality "1"]

1. e4 c5 2. c3 e6 3. d4 cxd4 4. cxd4 d5 5. e5 Nc6 6. Nf3 Bb4+ 7. Nc3 Nge7 8. Bd3 h6 9. 0-0 0-0 10. Bc2 Ba5 11. a3 Bb6 12. Qd3 Ng6 13. h4 f5 14. exf6 Rxf6 15. Ne2 Bd7 16. Ng3 Nf8 17. Be3 Bc7 18. Nh2 Qe7 19. f4 Rg6 20. Rf3 Qxh4 21. Bf2 Bxf4 22. Ngf1 Qg5 23. g3 e5 24. dxe5 Nxe5 25. Qxd5+ Be6 26. Qxb7 Nxf3+ 27. Nxf3 Qd5 28. Qxd5 Bxd5 29. Bxg6 Nxg6 30. Nd4 Bg5 31. Nb5 Bb7 32. Nxa7 Ne5 33. Nb5 Nf3+ 34. Kg2 Nd4+ 35. Kh2 Nxb5 36. Rd1 Rd8 37. Rxd8+ Bxd8 38. a4 Nd6 39. b4 Ne4 40. Be1 Ng5 41. Bc3 Nf3+ 42. Kh3 Bf6 43. Bxf6 gxf6 44. b5 Kg7 45. Ne3 Nd4 46. Nc4 Bd5 47. Nd6 Kf8 48. b6 Ke7 49. b7 Nc6 50. Nf5+ Kd7 51. Nxh6 Nb8 52. Kg4 Bxb7 53. Kf5 Ke7 54. Ng8+ Kf7 55. Nxf6 Bc8+ 56. Kg5 Nd7 57. Ne4 Ba6 58. Kh6 Nf6 59. Nxf6 Kxf6 60. g4 Kf7 61. Kh7 Kf6 62. Kh6 Kf7 63. Kh7 Kf6 64. Kh6 Ke5 1/2-1/2

[Event "Sitges Sunway op 9th"]
[Site "Sitges"]
[Date "2022.12.20"]
[Round "8"]
[White "Korkmaz, Necmettin"]
[Black "Gaboyan, Susanna"]
[Result "1-0"]
[WhiteElo "2077"]
[BlackElo "2200"]
[PlyCount "97"]
[EventDate "2022.12.12"]
[EventType "swiss"]
[EventRounds "10"]
[EventCountry "ESP"]
[SourceTitle "CBM 211 Extra"]
[Source "ChessBase"]
[SourceDate "2023.01.31"]
[SourceVersion "1"]
[SourceVersionDate "2023.01.31"]
[SourceQuality "1"]

1. d4 Nf6 2. c4 c5 3. d5 b5 4. cxb5 a6 5. f3 axb5 6. e4 Qb6 7. e5 Ng8 8. Nc3 Ba6 9. Be3 d6 10. b4 g6 11. a4 Bg7 12. f4 dxe5 13. Bxc5 Qf6 14. Nf3 Qxf4 15. axb5 e4 16. Qd2 Qg4 17. Nd4 Bb7 18. Rxa8 Bxa8 19. Qa2 Bb7 20. Qa7 Qc8 21. b6 Nf6 22. Bb5+ Nfd7 23. 0-0 0-0 24. Nc6 Nxc6 25. dxc6 Bxc6 26. Nd5 Re8 27. Ba6 Qd8 28. Nxe7+ Rxe7 29. Bxe7 Bd4+ 30. Kh1 Qxe7 31. Bc4 Qxb4 32. Bxf7+ Kg7 33. Be6 Bxb6 34. Qa1+ Bd4 35. Qc1 Qd6 36. Rf7+ Kg8 37. Rxd7+ Qxe6 38. Rxd4 Kg7 39. Qc5 Qf6 40. Rd6 Qf1+ 41. Qg1 Qc4 42. Qa7+ Kh6 43. Qe3+ Kg7 44. h4 h5 45. Qa7+ Kh6 46. Qa1 Kh7 47. Rd8 g5 48. Qh8+ Kg6 49. Rd6+ 1-0